000 00379nam a22001217a 4500
008 180605b xxu||||| |||| 00| 0 eng d
041 _aeng
080 _a043.3
100 _a0
101 _aMEK-MA
245 _aTeknologjia e Linjes se Zinkimit ne "Llamkos Galva Steel dhe perparesite me aplikimin e kontrollorve logjike te programueshem - PLC-ve
_cRrustemi, B
942 _2udc
_cBK
999 _c46332
_d46332